|
|
|
|
| LEADER |
00000cam a2200000 4500 |
| 001 |
vtls011782241 |
| 003 |
SK-MaSNL |
| 005 |
20260301184553.0 |
| 008 |
181002s2018 xr a frnd 000 0 cze |
| 020 |
|
|
|a 9788075774798
|q (viazané)
|
| 040 |
|
|
|a SNK
|b slo
|e rda
|c SNK
|
| 041 |
0 |
|
|a cze
|b eng
|
| 044 |
|
|
|a xr
|c CZ
|
| 072 |
|
7 |
|a 81
|x Lingvistika. Jazyky
|2 konspekt
|
| 072 |
|
7 |
|a 82.0
|x Literatúra (teória)
|2 konspekt
|
| 080 |
|
|
|a 81-116
|2 2011
|
| 080 |
|
|
|a 82.0
|2 2011
|
| 080 |
|
|
|a 81'1
|2 2011
|
| 080 |
|
|
|a (038)81
|2 2011
|
| 100 |
1 |
|
|a Sládek, Ondřej,
|d 1976-
|4 aut
|9 114073
|
| 245 |
1 |
|
|a Slovník literárněvědného strukturalismu
|c Ondřej Sládek & kol.
|
| 250 |
|
|
|a První vydání
|
| 264 |
|
1 |
|a Praha
|a Brno
|b Ústav pro českou literaturu
|b Host
|c 2018
|
| 300 |
|
|
|a 834 strán
|c 23 cm
|
| 336 |
|
|
|a text
|b txt
|2 rdacontent
|
| 337 |
|
|
|a bez média
|b n
|2 rdamedia
|
| 338 |
|
|
|a zväzok
|b nc
|2 rdacarrier
|
| 504 |
|
|
|a Bibliografia na strane 829-834 ; bibliografické odkazy
|
| 546 |
|
|
|a Anglické resumé
|
| 650 |
0 |
7 |
|a štrukturalizmus
|2 SNKPH
|9 2881
|
| 650 |
0 |
7 |
|a literárna veda
|2 SNKPH
|9 1137
|
| 650 |
0 |
7 |
|a Structuralism
|2 SNKPHeng
|9 395237
|
| 650 |
0 |
7 |
|a Study of literature
|2 SNKPHeng
|9 266360
|
| 650 |
0 |
7 |
|a lingvistika
|2 SNKPH
|9 860
|
| 650 |
0 |
7 |
|a Linguistics
|2 SNKPHeng
|9 265222
|
| 655 |
|
7 |
|a terminologické slovníky
|2 SNKPH
|9 70504
|
| 655 |
|
7 |
|a Terminological dictionaries
|2 SNKPHeng
|9 90728
|
| 700 |
1 |
|
|a Sládek, Ondřej
|4 edt
|9 561387
|
| 919 |
|
|
|a 978-80-7577-479-8
|
| 958 |
|
|
|a LX
|
| 958 |
|
|
|a CZ
|
| 958 |
|
|
|a NB
|
| 999 |
|
|
|c 860913
|d 862843
|
| 952 |
|
|
|t P60, <04>, [BOOK], {604}
|a SNK
|b SNK
|y NEVYP
|7 0
|p 17A0182627
|o snkIC 144432 D1
|0 0
|1 1
|4 0
|d 1999-03-12
|l 0
|r 2005-01-02 00:00:00
|w 2026-02-24
|
| 952 |
|
|
|t snkSLA 82.0
|a SNKUST
|b SNKUST
|y PREZ
|7 0
|p 17A1351049
|o snkIC 144432
|i snk2018/26819
|8 3
|g 23.79
|0 0
|1 0
|4 0
|d 2018-12-12
|l 0
|r 2025-04-28 00:00:00
|w 2026-02-24
|